El sector agropecuario argentino (Registro nro. 22982)

Detalles MARC
000 -LEADER
fixed length control field 00320 a2200109 4500
001 - CONTROL NUMBER
control field ART_5847
005 - DATE AND TIME OF LATEST TRANSACTION
control field 20260410161828.0
008 - FIXED-LENGTH DATA ELEMENTS--GENERAL INFORMATION
fixed length control field 260409a
100 1# - MAIN ENTRY--PERSONAL NAME
Personal name Reca, Lucio G.
245 10 - TITLE STATEMENT
Title El sector agropecuario argentino
773 0# - HOST ITEM ENTRY
Title Estudios Económicos
Related parts - Vol. 23, Nº 47 (jul./dic. 2006)
Record control number REV5080

No hay ítems disponibles.